Top Movies of 2013 Quiz Stats

Quiz not verified by Sporcle

Also try: Singers on 'SNL'
Challenge
Share
Tweet
Embed
Score 0/10 Timer 05:00
0 Plays Today
Hint Answer % Correct
Frozen
53.8%
Iron Man 3
53.8%
Gravity
38.5%
The Avengers
38.5%
Hunger Games Catching Fire
30.8%
12 years a slave
30.8%
American Hustle
30.8%
Planes
7.7%
Grown Ups 2
7.7%
Wolfe on Wall Street
0%

You're not logged in!

Compare scores with friends on all Sporcle quizzes.
Sign Up with Email
OR
Log In

You Might Also Like...

Show Comments

Extras

Top Quizzes Today


Score Distribution

Your Account Isn't Verified!

In order to create a playlist on Sporcle, you need to verify the email address you used during registration. Go to your Sporcle Settings to finish the process.

Report this User

Report this user for behavior that violates our Community Guidelines.

Details: